Countries that rank -5 or below on Gay friendly index - Statistics

General Stats
  • This quiz has been taken 14 times
  • The average score is 73 of 115
Answer Stats
Hint Answer % Correct
-5 China
92%
-17 Russia
92%
-22 Afghanistan
85%
-14 Algeria
85%
-11 Chad
85%
-16 Egypt
85%
-9 Ethiopia
85%
-23 Iran
85%
-11 Niger
85%
-17 Nigeria
85%
-15 Oman
85%
-17 Qatar
85%
-22 Saudi Arabia
85%
-21 Somalia
85%
-9 Vanuatu
85%
-24 Yemen
85%
-10 Bahrain
77%
-14 Burkina Faso
77%
-9 Guinea
77%
-7 Honduras
77%
-15 Jordan
77%
-14 Morocco
77%
-9 Pakistan
77%
-10 Solomon Islands
77%
-6 Sri Lanka
77%
-16 Sudan
77%
-6 Armenia
69%
-8 Benin
69%
-15 Brunei
69%
-13 Burundi
69%
-11 Democratic Republic of the Congo
69%
-13 Djibouti
69%
-10 Equatorial Guinea
69%
-13 Georgia
69%
-7 Guinea-Bissau
69%
-18 Iraq
69%
-11 Jamaica
69%
-16 Kuwait
69%
-12 Kyrgyzstan
69%
-7 Laos
69%
-9 Nicaragua
69%
-13 Papua New Guinea
69%
-5 Samoa
69%
-17 South Sudan
69%
-15 Syria
69%
-11 Tajikistan
69%
-11 Togo
69%
-10 Tonga
69%
-11 Turkey
69%
-17 Turkmenistan
69%
-9 Tuvalu
69%
-7 Angola
62%
-13 Azerbaijan
62%
-10 Bangladesh
62%
-10 Belarus
62%
-14 Cameroon
62%
-10 Central African Republic
62%
-11 Comoros
62%
-14 Eritrea
62%
-9 Gabon
62%
-11 Gambia
62%
-13 Ghana
62%
-10 Haiti
62%
-10 Kazakhstan
62%
-12 Kenya
62%
-10 Lebanon
62%
-12 Liberia
62%
-16 Libya
62%
-11 Madagascar
62%
-13 Malawi
62%
-16 Malaysia
62%
-12 Maldives
62%
-14 Mali
62%
-7 Mozambique
62%
-12 Myanmar
62%
-10 North Korea
62%
-8 Palau
62%
-10 Rwanda
62%
-17 Tanzania
62%
-14 Tunisia
62%
-19 Uganda
62%
-18 United Arab Emirates
62%
-11 Uzbekistan
62%
-11 Congo
54%
-11 Dominica
54%
-9 Dominican Republic
54%
-10 Grenada
54%
-10 Guatemala
54%
-9 Hungary
54%
-12 Indonesia
54%
-5 Kosovo
54%
-13 Mauritania
54%
-7 Saint Kitts and Nevis
54%
-11 Sierra Leone
54%
-13 Zambia
54%
-6 Bulgaria
46%
-5 East Timor
46%
-7 El Salvador
46%
-11 Guyana
46%
-10 Ivory Coast
46%
-8 Kiribati
46%
-5 Marshall Islands
46%
-5 Mauritius
46%
-7 Saint Lucia
46%
-6 Sao Tome and Principe
46%
-16 Senegal
46%
-10 Trinidad and Tobago
46%
-7 Venezuela
46%
-10 Bahamas
38%
-10 Eswatini
38%
-10 Paraguay
38%
-11 Saint Vincent and the Grenadines
38%
-16 Zimbabwe
38%
-8 Philippines
31%
-10 Vatican City
31%
No matching quizzes found
Score Distribution
Percent of People with Each Score
Percentile by Number Answered
Your Score History
You have not taken this quiz